MARC details
| 000 -CABECERA |
| campo de control de longitud fija |
01131nam a2200301 a 4500 |
| 001 - NÚMERO DE CONTROL |
| campo de control |
000014706 |
| 003 - IDENTIFICADOR DEL NÚMERO DE CONTROL |
| campo de control |
DO-SdBNP |
| 005 - FECHA Y HORA DE LA ÚLTIMA TRANSACCIÓN |
| campo de control |
20260429135248.0 |
| 008 - DATOS DE LONGITUD FIJA--INFORMACIÓN GENERAL |
| campo de control de longitud fija |
100119s2009 dr 001 e spa d |
| 020 ## - NÚMERO INTERNACIONAL ESTÁNDAR DEL LIBRO |
| Número Internacional Estándar del Libro |
9789945443431 |
| 040 ## - FUENTE DE LA CATALOGACIÓN |
| Centro catalogador/agencia de origen |
DO-SdBNP |
| Lengua de catalogación |
spa |
| Centro/agencia transcriptor |
BNPHU |
| 082 ## - NÚMERO DE LA CLASIFICACIÓN DECIMAL DEWEY |
| Número de clasificación |
RD864.5 |
| Número de documento/Ítem |
R696c |
| 100 1# - ENTRADA PRINCIPAL--NOMBRE DE PERSONA |
| Nombre de persona |
Rodríguez, Néstor E., |
| Fechas asociadas al nombre |
1971- |
| 9 (RLIN) |
33201 |
| 245 10 - MENCIÓN DE TÍTULO |
| Título |
Críticas para tiempos de poco fervor / |
| Mención de responsabilidad, etc. |
Néstor E. Rodríguez. |
| 260 ## - PUBLICACIÓN, DISTRIBUCIÓN, ETC. |
| Lugar de publicación, distribución, etc. |
Santo Domingo : |
| Nombre del editor, distribuidor, etc. |
Banco Central de la República Dominicana, |
| Fecha de publicación, distribución, etc. |
2009. |
| 300 ## - DESCRIPCIÓN FÍSICA |
| Extensión |
198 p. ; |
| Dimensiones |
23 cm. |
| 490 1# - MENCIÓN DE SERIE |
| Mención de serie |
Colección del Banco Central de la República Dominicana |
| Designación de volumen o secuencia |
v. 115 |
| 490 1# - MENCIÓN DE SERIE |
| Designación de volumen o secuencia |
Arte y literatura |
| -- |
v. 49 |
| 500 ## - NOTA GENERAL |
| Nota general |
Incluye datos biográficos del autor en las solapas e índice onomástico |
| 500 ## - NOTA GENERAL |
| Nota general |
Incluye notas al pie de las páginas |
| 590 ## - NOTA LOCAL (RLIN) |
| Nota local |
Inventariado, 2021 / DG |
| 650 14 - PUNTO DE ACCESO ADICIONAL DE MATERIA--TÉRMINO DE MATERIA |
| Término de materia o nombre geográfico como elemento de entrada |
Literatura |
| Subdivisión general |
Ensayos, conferencias, etc. |
| 9 (RLIN) |
8705 |
| 650 10 - PUNTO DE ACCESO ADICIONAL DE MATERIA--TÉRMINO DE MATERIA |
| Término de materia o nombre geográfico como elemento de entrada |
Literatura |
| Subdivisión general |
Historia y crítica |
| 9 (RLIN) |
835 |
| 830 #0 - PUNTO DE ACCESO ADICIONAL DE SERIE-TÍTULO UNIFORME |
| Título uniforme |
Colección del Banco Central de la República Dominicna |
| Número de parte o sección de la obra |
no. 115 |
| 9 (RLIN) |
33354 |
| 830 #0 - PUNTO DE ACCESO ADICIONAL DE SERIE-TÍTULO UNIFORME |
| Título uniforme |
Arte y literatura |
| Número de parte o sección de la obra |
no. 49 |
| 9 (RLIN) |
33355 |
| 910 ## - DATOS DE OPCIÓN DEL USUARIO (OCLC) |
| Datos de opción del usuario |
D/G |
| 942 ## - ELEMENTOS DE PUNTO DE ACCESO ADICIONAL (KOHA) |
| Fuente del sistema de clasificación o colocación |
Dewey Decimal Classification |
| Tipo de ítem Koha |
Libro |